Tiếng chim ca trong ngực Thơ
vv
Đã lưu trong:
| Tác giả chính: | |
|---|---|
| Định dạng: | Sách |
| Năm xuất bản: |
Huế
Thuận Hóa
2010
|
| Chủ đề: | |
| Tags: |
Thêm thẻ
Không có thẻ, Hãy là người đầu tiên gắn thẻ bản ghi này!
|
| LEADER | 01230nam a2200217 4500 | ||
|---|---|---|---|
| 082 | |a 895.92214 |b NG527TH | ||
| 100 | |a Nguyễn Thiên Sơn | ||
| 245 | |a Tiếng chim ca trong ngực |c Nguyễn Thiên Sơn |b Thơ | ||
| 260 | |a Huế |b Thuận Hóa |c 2010 | ||
| 300 | |a 81tr. |c 19cm | ||
| 520 | |a vv | ||
| 653 | |a Văn họchiện đại | ||
| 653 | |a Thế kỷ 21 | ||
| 653 | |a Việt Nam | ||
| 942 | |2 ddc |c STK0 | ||
| 999 | |c 4220 |d 4220 | ||
| 952 | |0 0 |1 0 |2 ddc |4 0 |6 895_922140000000000_NG527TH |7 0 |8 800 |9 42589 |a qbu |b qbu |c D5 |d 2014-12-19 |g 45000 |o 895.92214 NG527TH |p 3846.C1 |r 0000-00-00 |w 2014-12-19 |y STK0 | ||
| 952 | |0 0 |1 0 |2 ddc |4 0 |6 895_922140000000000_NG527TH |7 0 |8 800 |9 42590 |a qbu |b qbu |c D5 |d 2014-12-19 |g 45000 |o 895.92214 NG527TH |p 3846.C2 |r 0000-00-00 |w 2014-12-19 |y STK0 | ||
| 952 | |0 0 |1 0 |2 ddc |4 0 |6 895_922140000000000_NG527TH |7 0 |8 800 |9 42591 |a qbu |b qbu |c D5 |d 2014-12-19 |g 45000 |o 895.92214 NG527TH |p 3846.C3 |r 0000-00-00 |w 2014-12-19 |y STK0 | ||
| 952 | |0 0 |1 0 |2 ddc |4 0 |6 895_922140000000000_NG527TH |7 0 |8 800 |9 42592 |a qbu |b qbu |c D5 |d 2014-12-19 |g 45000 |o 895.92214 NG527TH |p 3846.C4 |r 0000-00-00 |w 2014-12-19 |y STK0 | ||
| 952 | |0 0 |1 0 |2 ddc |4 0 |6 895_922140000000000_NG527TH |7 0 |8 800 |9 42593 |a qbu |b qbu |c D5 |d 2014-12-19 |g 45000 |o 895.92214 NG527TH |p 3846.C5 |r 0000-00-00 |w 2014-12-19 |y STK0 | ||